Oživenie ekonomiky Slovenska. 1

Podmienky, ktoré musí splniť hospodárstvo Slovenska, aby si udržalo vzostupný trend. Investície potrebné na hospodársky rast. Eliminovanie výrazného prepadu v investičných zdrojoch degresívnym zdanením. Proinvestičné úvery. Očakávané tempá a scenár rastu.

Guardado en:
Detalles Bibliográficos
Autor principal: Laščiak, Adam
Otros Autores: Hatrák, Michal
Formato: Capítulo de libro
Lenguaje:eslovaco
Materias:
Etiquetas: Agregar Etiqueta
Sin Etiquetas, Sea el primero en etiquetar este registro!

MARC

LEADER 00000naa a2200000 4500
001 r020300
005 20230801103418.2
041 0 |a slo 
044 |a SK 
245 1 0 |a Oživenie ekonomiky Slovenska. 1  |c Adam Laščiak, Michal Hatrák 
520 |a Podmienky, ktoré musí splniť hospodárstvo Slovenska, aby si udržalo vzostupný trend. Investície potrebné na hospodársky rast. Eliminovanie výrazného prepadu v investičných zdrojoch degresívnym zdanením. Proinvestičné úvery. Očakávané tempá a scenár rastu. 
610 2 0 |a Slovensko 
610 2 0 |a 1993-2002 
610 2 0 |a rast hospodársky 
610 2 0 |a oživenie 
610 2 0 |a zdroje investičné 
100 1 |a Laščiak, Adam 
700 1 |a Hatrák, Michal